000 00763nam a2200277 i 4500
003 DO-SdBNP
005 20240813093426.0
007 ta
008 240813e1967 sp dd 000 0 spa d
040 _aDO-SdBNP
_bspa
_cBNPHU
_erda
041 _aspa
082 4 _bC978f
_222
100 1 _aCurti, Merle
_eautor
_986322
245 1 0 _aLa filantropia y la educación /
_cMerle Curti y Roderick Nash
264 4 _aMéxico :
_bLimusa-Wiley,
_c1967
300 _a373 páginas ;
_c24 cm.
336 _2rdacontent
_atexto
_btxt
337 _2rdamedia
_asin mediación
_bn
338 _2rdacarrier
_avolumen
_bnc
590 _aInventariado 2024 /DG
650 _912078
650 _955196
700 _aNash, Roderick
_eautor
_940875
910 _aDG
942 _2ddc
_cLBS1
999 _c57420
_d57420